[Event "Tilburg Fontys"]
[Site "Tilburg"]
[Date "1998.10.23"]
[Round "1"]
[White "Anand, Viswanathan"]
[Black "Lautier, Joel"]
[Result "1-0"]
[WhiteElo "2795"]
[BlackElo "2625"]
[Annotator "Anand,V"]
[PlyCount "77"]
[EventDate "1998.10.23"]
[EventType "tourn"]
[EventRounds "11"]
[EventCountry "NED"]
[EventCategory "18"]
[SourceTitle "EXT 1999"]
[Source "ChessBase"]
[SourceDate "1998.11.16"]
[SourceVersion "1"]
[SourceVersionDate "1998.11.16"]
[SourceQuality "1"]

{In Belgrade last year, I started with the same opponents - Lautier and
Kramnik (the colors were different), and shared first place with Ivanchuk.
Even so, I obviously didn't want to repeat my first round result!} 1. e4 c5 2.
Nf3 Nc6 3. d4 cxd4 4. Nxd4 Qc7 {I expected 4...e6 and had planned 5.Nb5
against that. Here I thought for a while, but in the end decided to go for it
anyway.} 5. Nb5 Qb8 6. c4 Nf6 7. N5c3 e6 8. Be2 Be7 (8... Bc5 9. a3 a5 10. Nd2)
9. Be3 O-O 10. O-O Rd8 {Black hopes to get d7-d5 in one go.} 11. a3 $1 {
While the plan of a3, b4 followed by Ra2 may not be the most natural one,
White needs to watch out for d7-d5.} (11. Nd2 d5 $11) 11... b6 12. b4 {I was
sure during the game and was amazed to discover afterwards that this is all
well-known and had been played as long back as1936!!} Bb7 13. Ra2 $1 (13. f4 $2
d5 (13... d6 {Was played in Kan-Flohr Moscow 1936!! Subsequently, Polugaevsky
improved on Black's play against Bagirov (though he lost).}) 14. exd5 exd5 15.
cxd5 (15. Nxd5 Nxd5 16. cxd5 Bf6 $15) 15... Bf8 {Bagirov-Polugaevsky Moscow
1960. Black recaptures the pawn with Ne7 and is slightly better.}) 13... d6 (
13... d5 $2 14. exd5 exd5 15. cxd5 Ne5 16. Rd2 $16) 14. f4 Qc7 15. Bf3 Nb8 {
A typical move in these positions - the knight is better placed on d7.} 16. Rc2
Nbd7 (16... Qxc4 $2 {During the game, I briefly looked at this - Black meets
Nd5 with Nxd5 and afterwards Joel and I looked at it briefly.} 17. Qc1 $1 {
At home, I noticed this move and it does seem to be quite strong. The point is
that in addition to Nd5, White also threatens e5.} (17. Nd5 Nxd5 18. exd5 (18.
Rxc4 Nxe3 19. Qb3 Nxc4 20. Qxc4 Nd7 $44) 18... Qb3) (17. Rc1 {I was curious to
see if Fritz would find Qc1, but it came up with this instead.} Nbd7 $1 (17...
Qc8 18. Nd5 Qd7 19. Rc7 Nxd5 20. Rxd7 Nxe3 21. Rxd8+ Bxd8 22. Qxd6 $18) (17...
h6 18. Nd5 Nxd5 (18... exd5 19. Rxc4 dxc4 20. Nc3 $16) 19. exd5 Qa6 20. dxe6
$16) (17... Rd7 18. Nd5 Nxd5 19. exd5 Qa6 20. dxe6 fxe6 21. f5 e5 22. Bd5+ Kf8
23. b5 Qxb5 24. Bxb7 Rxb7 25. Rc8+) 18. Nd5 Nxd5 19. exd5 Qa6 $13) 17... Rc8 (
17... Nbd7 18. e5 (18. Nd5 Qxf1+ 19. Qxf1 exd5 20. Rc7 $16) 18... Bxf3 19. exf6
Bxf6 20. Rxf3 Rac8 21. Rff2 $16) (17... Qc8 18. Ne2 $1 $18 (18. Nd5 $2 exd5 19.
Rxc8 Rxc8 $17)) 18. e5 $1 Bxf3 19. exf6 Bxg2 20. Nd5 $1 (20. Rff2 Bb7 (20...
Bxf6 21. Ne4 $18) 21. fxe7 Nc6 $44) 20... exd5 (20... Bxd5 21. fxe7 $18) 21.
Rxc4 Rxc4 22. fxe7 Nc6 23. Kxg2 Rxc1 24. Rxc1 $18) 17. Nb5 {Trying to get the
knight to d4, but this isn't possible - so the best would have been 17.Nd2} (
17. Nd2 $1 a6 18. g4 Rac8 19. g5 Ne8 {In the game, I felt that Black had a
slightly better version of this.}) 17... Qb8 18. Nd2 (18. N1c3 $2 a6 19. Nd4
Ne5 $1 20. Qe2 Nxf3+ 21. gxf3 Re8 $1 22. f5 Bf8 $132) 18... a6 19. Nc3 {
Well, no harm done - Black returns to c7, or so I thought.} Ra7 $1 {Funnily,
Joel wasn't as impressed as I was by this move, but getting the rook to c7 is
absolutely correct.} 20. g4 {I have played the White side of the Be2 Classical
Scheveningen quite often, but it was quite confusing to have the Maroczy
structure as well!! I felt initially that I should be much better, but later
realized that the absence of the knight on d4 (if Nd2 were on d4, would be a
accurate evaluation) outweighed the advantage of having so much queenside
space. The knight on d2 is not very impressive and in fact doesn't make a
single move in the rest of the game!} Ba8 21. g5 Ne8 22. Bg4 {White doesn't
really threaten f5, but there's no harm in keeping some pressure on e6.} Rc7
23. Qf3 (23. f5 exf5 $1 (23... Nf8 $6 $16) 24. Bxf5 (24. exf5 Ne5 25. f6 $2
gxf6 26. Bf5 fxg5 27. Qh5 Ng6 $17) 24... Ne5) 23... g6 24. Qh3 Ng7 25. Ne2 $1 {
I couldn't break through immediately, I decided to get out of the c-file. The
Rc2 can try and get to h3 and the knight to d4. A bit long term, admittedly,
but I was afraid to open the position without adequate preparation.} (25. f5
exf5 26. exf5 gxf5 (26... Nxf5 $2 27. Rxf5 $1 gxf5 28. Bxf5 Nf8 29. Bd4 $40)
27. Bxf5 (27. Rxf5 Ne5) 27... Nxf5 28. Qxf5 Ne5 $132) 25... Re8 (25... b5 26.
Nd4 bxc4 27. f5 $40) (25... d5 $2 26. f5) 26. Rc3 {Now Bd4 is a serious threat
since White is finally ready for Qh6 and Rh3} Qd8 {Protecting Nd7 so that Bd4
can be met by e5.} 27. Rd3 b5 $4 {Joel missed a simple tactical threat and the
game is over.} (27... Bf8 $1 {We spent a lot of time analysing this position
afterwards, but the middlegame is just beginning.} 28. Bd4 b5 {Now possible.}
29. cxb5 axb5 $13 {It is impossible to analyse such a position, where both
sides have many possible moves.}) 28. cxb5 axb5 29. Nd4 $1 {Now Joel realized
that White attacks both Pb5 and Pe6!} Nf8 (29... Qb8 30. Nxe6 $1 fxe6 31. Bxe6+
Nxe6 32. Qxe6+ Kf8 33. f5 $18) (29... Rb7 30. Nxe6 (30. Nc6 Qc7 31. Rc3 Nb8 32.
Nxe7+ Qxe7 $16) 30... fxe6 31. Bxe6+ Nxe6 32. Qxe6+ Kf8 33. Bd4 $1 Qc7 34. Qh3
$1 h5 (34... Kg8 35. Rc3 Qd8 36. Qe6+ Kf8 37. f5 $1) 35. f5 $1 $40 (35. gxh6
Bf6 36. e5)) 30. Nxb5 {This knight went to b5 4 times in this game, but the
last two sorties were decisive!} Rd7 31. Nc3 f6 $2 (31... f5 32. gxf6 $16) 32.
f5 $1 $18 exf5 (32... gxf5 33. exf5 e5 34. Nd5 $1 $18) 33. exf5 gxf5 34. Bxf5
Nxf5 35. Qxf5 Qc8 36. Bd4 Rc7 37. Qxc8 Rexc8 38. gxf6 Bd8 39. Nb5 {Again! This
time, f6-f7 can't be stopped, so Joel resigned.} (39. Nb5 Rd7 40. f7+ Rxf7 41.
Rxf7 Kxf7 42. Nxd6+ $18) 1-0

[Event "FRA-ch"]
[Site "Meribel"]
[Date "1998.08.21"]
[Round "8"]
[White "Chomet, Pascal"]
[Black "Degraeve, Jean Marc"]
[Result "1-0"]
[WhiteElo "2405"]
[BlackElo "2580"]
[Annotator "Apicella,M"]
[PlyCount "113"]
[EventDate "1998.08.14"]
[EventType "tourn"]
[EventRounds "15"]
[EventCountry "FRA"]
[EventCategory "10"]
[SourceTitle "CBM 067"]
[Source "ChessBase"]
[SourceDate "1998.11.30"]
[SourceVersion "2"]
[SourceVersionDate "1998.11.01"]
[SourceQuality "1"]

{This game epitomizes Jean-Marc Degraeve's (2580) poor tournament. The
considerable amount of errors from both players is made up for in the final
combination.} 1. e4 {Smirin,I} c5 2. Nf3 Nc6 3. d4 cxd4 4. Nxd4 e5 5. Nb5 d6 6.
c4 Be7 7. N1c3 a6 8. Na3 Be6 9. Nc2 Bg5 10. Be2 h6 (10... Bxc1 11. Rxc1 Nf6 12.
O-O O-O 13. Qd2 Qb8 $5 14. Rfd1 Rd8 15. Qe3 Qa7 16. Qxa7 Rxa7 17. f3 Raa8 18.
Nd5 Kf8 19. Bf1 Rac8 20. Kf2 {1/2-1/2 Almasi,Z-Milov,V/Buenos Aires 1996}) 11.
O-O Nf6 (11... Nge7 $142 12. Qd3 (12. b3 Bxc1 13. Rxc1 O-O 14. Qd2 Qd7 15. Rfd1
Rad8 16. Qe1 Ng6 17. f3 Qe7 18. Nd5 Qg5 19. Qg3 Qh5 $13 {Matulovic,M-Kosic,D/
Jugoslavia ch Tivat 1994/ 1/2-1/2 (27)}) 12... Ng6 13. g3 Bxc1 14. Raxc1 O-O
15. Rfd1 Qg5 16. Qd2 Nf4 $36 {Berthelot,Y-Gerber,R/Cannes FRA 1996/ 0-1 (26)})
12. Qd3 (12. Bxg5 $6 hxg5 {[%cal Gh8h2]} 13. Qd2 Nh5 14. g3 Qf6 15. Nd5 Bxd5
16. exd5 Ne7 $15 {Alyson,K-Papadopoulou,T/U20g-EuCh. (08/13), Zanka 1995/ 0-1 
(50)}) (12. b3 {[%cal Gc1a3] Smirin,I} Bxc1 13. Qxc1 O-O 14. Qe3 Qa5 15. Rfd1
Rfd8 16. a4 Rac8 17. Rd3 Nb4 $11 {Berescu,A-Dumitrache,D/Timisoara 1994/0-1 
(82)}) 12... O-O (12... Rc8 {Smirin,I} 13. Rd1 (13. b3 Bxc1 14. Raxc1 O-O 15.
Rfd1 Qa5 16. Qd2 Rfd8 17. Nd5 Bxd5 18. Qxa5 Nxa5 19. exd5 g6 20. Ne3 b6 21. b4
$14 {[%csl Ra5] Hunt,H-Quinn,M/Witley 1996/0-1 (71)}) 13... Qc7 14. b3 Bxc1 15.
Raxc1 Rd8 16. Qe3 (16. Nd5 Bxd5 17. exd5 Ne7 18. Ne3 $14 {[%cal Gb3b4]}) 16...
O-O 17. Rd3 Qb8 18. Rcd1 b5 $132 {0-1 Jansa,V-Schmittdiel,E/Ostrava 1992 (44)})
13. Rd1 (13. Bxg5 $142 hxg5 14. Rfd1 Qb6 (14... Ne8 15. Nd5 $14) 15. b3 Rfd8
16. Nd5 $14) 13... Ne8 ({Another posibility was} 13... Bxc1 {Smirin,I} 14.
Raxc1 Qb6 $5 $13 {[%cal Gf8d8]} 15. b3 Rfd8 16. Nd5 $6 Bxd5 17. exd5 Nb4 18.
Nxb4 Qxb4 $15 {[%cal Gf6d7,Gd7c5,Ga6a5]}) 14. Be3 Rc8 15. Nd5 Bxe3 16. Qxe3 Ne7
17. Ncb4 Bxd5 18. Nxd5 Nxd5 19. exd5 (19. cxd5 $5) (19. Rxd5 $6 {Smirin,I} Nc7
20. Rd2 Ne6 $15 {[%cal Ge6d4]}) 19... a5 20. a3 (20. b3 $142 f5 (20... Nf6 {
Smirin,I} 21. a3 $13 {[%cal Gb3b4]}) 21. a3 $13) 20... a4 21. b4 axb3 22. Rab1
Nf6 {[%csl Rc5][%cal Gf6d7,Gd7c5]} 23. Rxb3 $13 {[%csl Rb7]} Rc7 24. Rdb1 Qe7 (
{Deserved attention promising pawn sacrifise} 24... Nd7 $5 {Smirin,I} 25. Rxb7
Rxb7 26. Rxb7 Nc5 27. Rb5 Qc7 $44 {[%cal Gf8a8]}) 25. Bf1 Ra8 26. f4 {'!?'
Smirin,I.} e4 {'[]' Smirin,I.} 27. Be2 Ra5 28. Qd4 Qd7 29. Rg3 Kh8 30. Rgb3 Ra8
31. Rg3 Qf5 32. Rf1 Rc5 {'=/+' Smirin,I.} 33. h3 Qc8 (33... b5 $5 {Smirin,I}
34. cxb5 Qxd5 35. Qxd5 Nxd5 $17 {[%cal Gd5c3,Gd6d3,Gd5b6] and black chanses
are better in arising sharp endgame}) 34. Rb1 Ra4 35. Rb4 Ra7 36. Rb6 Qc7 37.
Rbb3 Qd8 {'[]' Smirin,I.} 38. Kh2 Qe7 39. Rge3 Qd7 40. g4 {'+/-' Smirin,I.} Ra4
41. Rb4 Rca5 42. Rxa4 Qxa4 (42... Rxa4 {Smirin,I} 43. Bd1 Ra6 44. Bc2 $16 {
[%cal Gc2e4]}) 43. Qb6 {'+/-' Smirin,I.} Ra6 44. Qxb7 Qa5 45. Qc8+ Kh7 46. Qf5+
(46. c5 $6 {Smirin,I} Qd2 $132) 46... Kh8 47. Rg3 (47. Qc8+ Kh7 48. Qf5+ (48.
g5 $2 Qd2) (48. Kg2 $6 Qd2 (48... Ra8 49. Qf5+ Kh8 50. g5 $16) 49. Kf2 Rb6 $1
50. Qf5+ Kh8 51. Qc8+ Ng8 52. Rxe4 Rb1 $17) 48... Kh8 49. Qc8+ $11) 47... Qc5
48. g5 Rxa3 $1 49. Rxa3 {'?!' Smirin,I.} (49. Rg2 $1 {Smirin,I} Ng8 $8 (49...
hxg5 $2 50. Qxg5 Ne8 $8 51. Qd8 Qe3 52. Qxe8+ Kh7 53. Qd7 $1 (53. Qxf7 Qxh3+
54. Kg1 Qe3+ 55. Rf2 Qg3+ 56. Rg2 Qe3+ 57. Kh2 Qh3+ $11) 53... Qxf4+ 54. Kh1 $1
{[%cal Gd7g4]} Ra1+ 55. Rg1 Rxg1+ 56. Kxg1 Qg3+ 57. Kf1 $18) 50. Qxf7 Qe3 51.
Bg4 $1 {[%cal Gg4e6]} Ra7 52. Qf8 hxg5 53. fxg5 Qd4 54. Qe8 $16 {[%cal Ge8h5]})
49... Qf2+ 50. Kh1 Qe1+ 51. Kg2 Qxe2+ 52. Kg1 Qd1+ 53. Kf2 Qd2+ 54. Kg3 Nh5+ $5
(54... Qe1+ $11 {with a perpetual check}) 55. Kg4 Qe2+ 56. Kh4 Qf2+ $4 {
It is most likely that the zeitnot prevented Jean-Marc Degraeve from seeing
what was about to happen. '?' Smirin,I.} (56... g6 57. Qxf7 (57. Ra8+ $2 Kg7
58. gxh6+ Kxh6 59. Qg5+ (59. Rh8+ $2 Kg7 $19) 59... Kg7 60. Qg1 (60. Ra3 Qf2+
61. Rg3 (61. Kg4 f5+ $19) 61... Nxf4 $19 {threatening 62...Ng2+ followed by 63.
..f5+}) 60... Qf3 (60... Qxc4 61. Qa1+ Nf6 {[%cal Rc4d5]} 62. Ra5 Qd3 $17 {
[%cal Gd3f3]}) 61. Qd4+ Nf6 (61... f6 $4 62. Qa7+ Kh6 63. Rh8#) 62. Rg8+ (62.
Qd2 e3 $19) 62... Kxg8 63. Qxf6 e3 $19) 57... Qf2+ 58. Kg4 Qg1+ (58... Qe2+ {
Smirin,I} 59. Kh4 $11) 59. Kh4 Qe1+ 60. Kg4 Qe2+) 57. Kxh5 (57. Kxh5 g6+ 58.
Qxg6 $3 {'!' Smirin,I.} (58. Kxh6 $4 Qh4#) 58... fxg6+ (58... Qe2+ 59. Kxh6 $18
) 59. Kxg6 {There is no way to avoid 60.Ra8 ! '+-' Smirin,I.}) 1-0

[Event "Rovno"]
[Site "Rovno"]
[Date "2000.??.??"]
[Round "12"]
[White "Lastin, Alexander"]
[Black "Kasparov, Sergey"]
[Result "1-0"]
[WhiteElo "2510"]
[BlackElo "2465"]
[Annotator "Avrukh,B"]
[PlyCount "121"]
[EventDate "2000.01.20"]
[EventType "tourn"]
[EventRounds "15"]
[EventCountry "UKR"]
[EventCategory "8"]
[SourceTitle "CBM 076"]
[Source "ChessBase"]
[SourceDate "2000.05.31"]
[SourceVersion "1"]
[SourceVersionDate "2000.05.31"]
[SourceQuality "1"]

1. Nf3 {Finkel,A} c5 2. e4 Nc6 3. d4 cxd4 4. Nxd4 e5 5. Nb5 d6 6. c4 {This
variation doesn't promise white anything special in the opening,but for the
players who like slow positional manouvering it suits perfectly.} Be7 7. b3 Nf6
8. Bd3 a6 (8... Bg4 9. Qd2 (9. f3 Be6 10. Be3 Nh5 11. O-O Nf4 12. Qd2 (12. Kh1
O-O 13. N5c3 Bg5 14. Re1 Qf6 15. Bf1 {Yakovich,Y-Sherbakov,R/St.Peterburg(zt)/
1993/0,5/15/}) 12... h5 $6 13. Rd1 a6 14. N5c3 h4 15. Nd5 Bxd5 16. cxd5 $14 {
1-0 Aseev,K-Ragozin,E/RUS-ch 1994 (57)}) 9... O-O 10. O-O Rc8 11. N1c3 a6 12.
Na3 Nd4 13. Nc2 Nxc2 14. Bxc2 b5 $132 {1/2-1/2 Timoshenko,G-Mochalov,E/
Platonov mem 1995 (29)}) (8... O-O 9. O-O Bg4 $5 10. f3 Be6 11. Be3 Nh5 (11...
Ne8 12. N5c3 Bg5 13. Bf2 Ne7 14. Nd5 Nxd5 15. exd5 Bd7 16. Nc3 $14 {Filippov,
V-Sveshnikov,E/Kemerovo1 1995/1-0 (65)}) 12. g3 g6 13. N5c3 f5 14. exf5 $1 gxf5
15. Nd2 Rf7 16. f4 $1 exf4 17. gxf4 Nf6 18. Nf3 Ng4 19. Qd2 $14 {Dolmatov,
S-Sveshnikov,E/Podolsk/1992/1:0/39/ Inf 56/174/}) 9. N5c3 O-O 10. O-O Bg4 (
10... Be6 11. Nd5 Nd7 12. Nxe7+ Nxe7 13. Nc3 Ng6 14. Bc2 Qa5 15. Bd2 Qc7 16.
Rc1 $14 {1/2-1/2 Macieja,B-Nilssen,J/Politiken Cup 1996 (35)}) (10... Nd7 11.
Na3 Bg5 12. Bb2 Nc5 13. Nc2 g6 14. Re1 Bh6 15. Bf1 Rb8 16. g3 $14 {1/2-1/2
Tirard,H-Shariyazdanov,A/WchJM U20 1996 (34)}) 11. f3 Be6 (11... Qb6+ 12. Kh1
Be6 13. Bb2 Qa7 14. Nd5 Bxd5 15. exd5 Nd4 16. f4 $14 {1-0 Atakisi,U-Pilaj,H/
EU-chJM U16 1997 (40)}) 12. Be3 Nd7 (12... Nd4 13. Nd5 Nxd5 14. cxd5 Bd7 15.
Nc3 b5 16. Rc1 Rc8 $13) 13. Ne2 Qb8 $6 {The plan to exchang the bishops via b6
is to slow.} (13... Nc5 14. Bc2 Nb4 15. Nbc3 Nxc2 16. Qxc2 f5 17. Rad1 $14) 14.
Nbc3 Bd8 $6 15. Qd2 (15. Nd5 b5 16. Qd2 bxc4 17. Bxc4 Nb6 18. Nxb6 Bxb6 19.
Bxe6 Bxe3+ 20. Qxe3 fxe6 21. Rfd1 $14) 15... Bb6 16. Bxb6 Nxb6 17. Rad1 {
[%csl Rd6]} Qa7 18. Kh1 Rad8 19. Bb1 Nd7 20. Qg5 $5 (20. Qxd6 $4 Nc5 21. Qc7
Rc8 22. Qd6 Rfd8 $19) 20... f6 (20... Qb8 {[%cal Gb7b5]}) 21. Qh4 Qb8 22. Nd5 {
Preventing b5.} Rfe8 (22... b5 $2 23. cxb5 axb5 24. Rc1 Na7 (24... Rc8 25. Rxc6
$1 Rxc6 26. Ne7+ Kh8 27. Nxc6 $18) 25. b4 $1 $16) 23. Rd2 Nf8 ({Now it was
just a right timing:} 23... b5 $1 24. cxb5 axb5 25. f4 b4 $13 {[%cal Gd7c5]})
24. f4 Ng6 $6 25. Qg3 Bxd5 26. exd5 Nce7 27. h4 $36 {Now black is forced to
defend till the end of the game,and the most frustrating thing is that he is
deprived of any counterplay.} Rf8 28. f5 Nh8 29. Nc3 Nf7 30. Ne4 Kh8 31. Qf3
Qc8 (31... b5 32. Bd3 bxc4 33. bxc4) 32. g4 Nh6 33. Rg2 $5 b5 34. Bd3 bxc4 35.
bxc4 a5 36. Qh3 g6 (36... Qd7 37. Ng3 Nf7 38. g5 $6 fxg5 39. hxg5 Nxg5 40. Qh5
h6 (40... Nf7 41. f6 $1 g6 42. Qh4 $16) 41. f6 Ng8 42. fxg7+ Qxg7 43. Nf5 Qh7
$13) 37. Qe3 Nhg8 (37... Nxg4 $2 38. Rxg4 gxf5 39. Qh6 $1 fxg4 40. Ng5 $1 {
[%csl Rh7]}) 38. Ng3 Rf7 39. Rgf2 Rg7 40. g5 $1 {Finally!} gxf5 41. Nxf5 Nxf5
42. Rxf5 fxg5 43. Rxg5 Rxg5 (43... Rc7 44. c5 $1 Rxc5 45. Bxh7 $1 Rc3 46. Bd3
$18) 44. hxg5 {[%csl Rh7]} Rd7 45. Qh3 Qe8 $6 (45... Qd8 46. g6 (46. Qe6 Re7
47. Rf7 Rxf7 48. Qxf7 Qe7 $14) 46... Rg7 47. gxh7 Ne7 48. Qh5 $16) 46. c5 $1
Rg7 (46... dxc5 47. Bb5 $16) 47. cxd6 e4 (47... Qd8 48. g6) 48. d7 $1 Qxd7 49.
Qxd7 Rxd7 50. Bxe4 $18 {The endgame is lost adn in addition to it black
defends not the best way.} Kg7 51. Kg2 h6 52. Rf5 hxg5 (52... Ne7 53. gxh6+
Kxh6 54. Rf7 $18) 53. Rxg5+ Kf8 54. Kf3 Nf6 55. Kf4 Nxe4 56. Kxe4 Re7+ 57. Re5
a4 58. Rxe7 Kxe7 59. a3 Kd7 60. Kd4 Kc7 61. Kc5 1-0

[Event "Capablanca Memorial Elite 35th"]
[Site "Varadero"]
[Date "2000.05.08"]
[Round "2"]
[White "Volzhin, Alexander"]
[Black "Oral, Tomas"]
[Result "1-0"]
[WhiteElo "2548"]
[BlackElo "2540"]
[Annotator "Avrukh,B"]
[PlyCount "49"]
[EventDate "2000.05.07"]
[EventType "tourn"]
[EventRounds "13"]
[EventCountry "CUB"]
[EventCategory "13"]
[SourceTitle "CBM 077"]
[Source "ChessBase"]
[SourceDate "2000.07.27"]
[SourceVersion "1"]
[SourceVersionDate "2000.07.27"]
[SourceQuality "1"]

1. e4 c5 2. Nf3 Nc6 3. d4 cxd4 4. Nxd4 Qc7 5. Nb5 Qb8 6. Bd3 a6 7. N5c3 e6 8.
Be3 b5 9. f4 d6 10. O-O Nf6 11. Qf3 (11. Kh1 Bb7 12. Nd2 Be7 13. Qe2 O-O 14.
Rf3 Nb4 15. Rh3 Nxd3 16. cxd3 Re8 17. Nb3 Bf8 (17... b4 18. Na4 (18. Nd1 a5 $13
) 18... Nd7 19. Qh5 Nf6 20. Qa5 d5 21. e5 $16) 18. Rf1 g6 $13 {1-0 Jakubiec,
A-Poluljahov,A/Polanica Zdroj POL 1999 (41)}) 11... Bb7 12. Nd2 Be7 13. Qh3 Nb4
14. Nf3 Nxd3 15. cxd3 O-O 16. f5 Qc8 $1 {[%mdl 8] Oral clearly improves black
play, and i think this move is the only playable one for black in this
position,but still white should be better in this position.} (16... exf5 $2 17.
Nd4 $1 g6 (17... fxe4 18. Nf5 Bd8 19. Qg3 g6 (19... Nh5 20. Nh6+ Kh8 21. Nxf7+
Rxf7 22. Rxf7 Kg8 23. Qg4 Kxf7 24. Qxh5+ Kf8 25. Rf1+ Bf6 26. Bd4 $18) 20. Bd4
$16) 18. Nxf5 $1 gxf5 19. Bd4 Ng4 20. exf5 Ne5 21. f6 $18 {1-0 Tiviakov,
S-Yakovich,Y/Saint Vincent ITA 2000/The Week in Chess 276 (31)}) (16... e5 17.
g4 d5 (17... b4 $142 18. Ne2 d5 19. g5 Ne8 20. Ng3 $36) 18. g5 d4 19. gxf6 Bxf6
20. Bg5 dxc3 (20... Bxg5 21. Nxg5 h6 22. f6 $1 dxc3 23. fxg7 Kxg7 24. Qg4 hxg5
25. Qxg5+ Kh7 26. Rf6 $18) 21. Bxf6 gxf6 22. Qh6 Qd8 23. Ng5 $1 {1-0 Tiviakov,
S-Reefat bin Satter/Dhaka 1997/EXT 2000 (23)}) 17. g4 (17. Rac1 exf5 $1 (17...
Qd7 18. g4 $36) 18. Nd5 Nxd5 19. Rxc8 Bxc8 20. exd5 f4 $11) 17... exf5 $2 {
[%mdl 16384] The next move after a good novelty black makes the decisive
mistake.In my opinion this move is also serious positional mistake,now black
simply defenceless against white attack by g-file.} (17... Nd7 $1 18. Rac1 (18.
g5 exf5 19. exf5 (19. Qxf5 Nc5) 19... Nc5 $13 {[%cal Gc8h3]}) 18... Qd8 (18...
Nc5 $2 19. d4 Nd3 20. Nd5 Qd8 21. Nxe7+ Qxe7 22. Ng5 h6 $8 23. f6 gxf6 24. Qxh6
fxg5 25. Bxg5 f6 26. Bxf6 Rxf6 27. Rxf6 Bxe4 28. Rxe6 $18) 19. fxe6 (19. g5
exf5 20. Qxf5 Nc5 21. Rcd1 Bc8 22. Qf4 f5 $1 $13) 19... fxe6 20. g5 e5 21. Qe6+
Kh8 22. Nd5 Bxd5 23. Qxd5 Rc8 $14) 18. gxf5 Nd7 (18... b4 19. Ne2 Qc2 20. Nf4
$40) 19. Kh1 {[%cal Gf1g1]} b4 20. Ne2 d5 21. Rg1 $18 f6 (21... dxe4 22. Qh6 g6
23. fxg6 fxg6 24. Rxg6+ Kf7 (24... hxg6 25. Qxg6+ Kh8 26. Qh6+ Kg8 27. Rg1+)
25. Rg7+ Ke8 26. Qe6 Qd8 27. Bg5 Nf6 28. Bxf6 Rxf6 29. Rg8+ Rf8 30. Rag1 $18) (
21... Bf6 22. Bd4 $1 {[%csl Gg7]} dxe4 $140 (22... Bxd4 23. Nexd4 Kh8 (23...
dxe4 24. Qh6 g6 25. fxg6 fxg6 26. Rxg6+ $18) 24. Rxg7 Kxg7 25. Rg1+ Kh8 26. Ng5
Nf6 27. Qh6 $18) 23. Qh6 $1 g6 24. Ng5 exd3+ 25. Rg2 Bxg2+ 26. Kxg2 Qb7+ 27.
Kh3 Qf3+ 28. Ng3 $1 $18) 22. Rxg7+ $3 {[%mdl 64] Not so complicated,but still
a very nice tactical way to decide this game.} Kxg7 23. Rg1+ Kh8 24. Nf4 Rg8 (
24... Ne5 25. Nxe5 fxe5 26. Ng6+) 25. Ng6+ (25. Ng6+ Rxg6 26. fxg6 Nf8 27. g7+
(27. Qh6 Nxg6 28. Nh4 $18) 27... Kg8 28. gxf8=Q+ Kxf8 29. Qxh7 $18) 1-0